[Event "Online Olym Div2 E 2021"]
[Site "chess.com INT"]
[Date "2021.09.02"]
[Round "1.1"]
[Board "1"]
[White "Almiron, Antonio"]
[Black "Gallego Alcaraz, Andres Felipe"]
[Result "0-1"]
[WhiteTitle "FM"]
[BlackTitle "GM"]
[WhiteElo "2366"]
[BlackElo "2512"]
[WhiteTeam "Paraguay"]
[BlackTeam "Colombia"]
[WhiteFideId "3701166"]
[BlackFideId "4402669"]
[EventDate "2021.09.02"]
[EventType "team"]

1. e4 c5 2. Nf3 Nc6 3. Bb5 d6 4. O-O Bd7 5. c3 Nf6 6. Re1 a6 7. Bf1 Bg4 8. d4
cxd4 9. cxd4 d5 10. Nc3 dxe4 11. Nxe4 Nxe4 12. Rxe4 Bxf3 13. gxf3 e6 14. d5 Be7
15. Bc4 O-O 16. Be3 exd5 17. Qxd5 Bf6 18. Rd1 Qxd5 19. Bxd5 Rfd8 20. Bb6 Rd7 21.
b4 g6 22. a4 Kg7 23. Kg2 Ne7 24. Bb3 Rxd1 25. Bxd1 Nd5 26. Bd4 g5 27. Bb3 Nf4+
28. Kg3 0-1

[Event "Online Olym Div2 E 2021"]
[Site "chess.com INT"]
[Date "2021.09.02"]
[Round "1.1"]
[Board "2"]
[White "Barrientos, Sergio E"]
[Black "Benitez Galeano, Alejandro"]
[Result "1-0"]
[WhiteTitle "GM"]
[BlackTitle "FM"]
[WhiteElo "2475"]
[BlackElo "2201"]
[WhiteTeam "Colombia"]
[BlackTeam "Paraguay"]
[WhiteFideId "4401824"]
[BlackFideId "3703568"]
[EventDate "2021.09.02"]
[EventType "team"]

1. d4 d5 2. c4 dxc4 3. Nf3 Nf6 4. e3 b5 5. a4 b4 6. Bxc4 e6 7. O-O Be7 8. Nbd2
O-O 9. b3 Bb7 10. Bb2 c5 11. dxc5 Nbd7 12. Qe2 Nxc5 13. Rfd1 Qc7 14. Be5 Qc6 15.
Bb5 Qc8 16. Rac1 Rd8 17. Bd4 a6 18. Bd3 Qc6 19. Rc4 Rac8 20. Bxc5 Bxc5 21. Rdc1
Qd5 22. Ne4 Be7 23. Nxf6+ Bxf6 24. Rxc8 Rxc8 25. Rxc8+ Bxc8 26. Qc2 Bb7 27.
Bxh7+ Kh8 28. Bd3 g6 29. Bc4 Qc6 30. Qd3 Kg7 31. h3 Bc3 32. Qd8 Bf6 33. Qb8 Be7
34. Qf4 Bd6 35. Qd4+ Kg8 36. h4 Bf8 37. Qg4 a5 38. Ng5 Qc5 39. Nxe6 Qe5 40. Nxf8
Kxf8 41. Qd7 Qa1+ 42. Kh2 Qe5+ 43. f4 Qf6 44. Kg3 Be4 45. Qc7 Qb2 46. Qxf7# 1-0

[Event "Online Olym Div2 E 2021"]
[Site "chess.com INT"]
[Date "2021.09.02"]
[Round "1.1"]
[Board "3"]
[White "Perez Rodriguez, Jennifer"]
[Black "Franco Valencia, Angela"]
[Result "1-0"]
[WhiteTitle "WIM"]
[BlackTitle "WIM"]
[WhiteElo "2251"]
[BlackElo "2089"]
[WhiteTeam "Paraguay"]
[BlackTeam "Colombia"]
[WhiteFideId "3507831"]
[BlackFideId "4403070"]
[EventDate "2021.09.02"]
[EventType "team"]

1. e4 e5 2. Nc3 Nf6 3. f4 d5 4. fxe5 Nxe4 5. Nf3 Bg4 6. Qe2 Nxc3 7. dxc3 Nc6 8.
Bf4 g5 9. Bg3 Qe7 10. O-O-O O-O-O 11. Qf2 a6 12. Bd3 h6 13. Rde1 Kb8 14. h3 Bh5
15. e6 Qc5 16. Nd4 fxe6 17. Bxc7+ Ka8 18. Bxd8 Nxd8 19. Qf6 Nf7 20. g4 e5 21.
Nb3 Qc7 22. gxh5 e4 23. Rhf1 Rh7 24. Qg6 Rg7 25. Qe6 Bd6 26. Be2 Bf4+ 27. Kb1
Rg8 28. Qxd5 Re8 29. Bxa6 Re5 30. Qc4 Qd7 31. Nc5 Rxc5 32. Qxc5 bxa6 33. Rxe4
Nd6 34. Qd5+ Ka7 35. Rfxf4 gxf4 36. Rd4 1-0

[Event "Online Olym Div2 E 2021"]
[Site "chess.com INT"]
[Date "2021.09.02"]
[Round "1.1"]
[Board "4"]
[White "Castrillon Gomez, Melissa"]
[Black "Vargas, Gabriela"]
[Result "1-0"]
[WhiteTitle "WIM"]
[BlackTitle "WIM"]
[WhiteElo "2212"]
[BlackElo "2152"]
[WhiteTeam "Colombia"]
[BlackTeam "Paraguay"]
[WhiteFideId "4402413"]
[BlackFideId "3700860"]
[EventDate "2021.09.02"]
[EventType "team"]

1. d4 d5 2. Nf3 Nf6 3. c4 c6 4. e3 e6 5. Nbd2 Nbd7 6. Bd3 Bd6 7. O-O O-O 8. e4
dxe4 9. Nxe4 Nxe4 10. Bxe4 h6 11. Bc2 e5 12. d5 cxd5 13. Qxd5 Nf6 14. Qb5 e4 15.
Ne1 Bxh2+ 16. Kxh2 Ng4+ 17. Kg1 Qh4 18. Bf4 a6 19. Qb3 f5 20. Qg3 Qh5 21. f3 Nf6
22. Be5 g5 23. Qh2 Qe8 24. Bxf6 Rxf6 25. fxe4 f4 26. Rd1 Bg4 27. Nf3 Rd8 28. e5
Rxd1 29. Rxd1 Bxf3 30. gxf3 Qxe5 31. Rd8+ Kg7 32. Qd2 Qxb2 33. Qd3 Qb6+ 34. Kg2 1-0

[Event "Online Olym Div2 E 2021"]
[Site "chess.com INT"]
[Date "2021.09.02"]
[Round "1.1"]
[Board "5"]
[White "Melian, Juan Sebastian"]
[Black "Avila Pavas, Santiago"]
[Result "1-0"]
[WhiteTitle "CM"]
[BlackTitle "IM"]
[WhiteElo "1978"]
[BlackElo "2395"]
[WhiteTeam "Paraguay"]
[BlackTeam "Colombia"]
[WhiteFideId "3706575"]
[BlackFideId "4437128"]
[EventDate "2021.09.02"]
[EventType "team"]

1. Nf3 Nf6 2. g3 d5 3. Bg2 e6 4. O-O Be7 5. b3 O-O 6. Bb2 c5 7. e3 Nc6 8. Ne5
Nxe5 9. Bxe5 Bd6 10. Bb2 e5 11. d3 Bd7 12. Nd2 Qc7 13. c4 d4 14. Qe2 Rab8 15. e4
b5 16. Rac1 Qa5 17. Rc2 Be6 18. h3 bxc4 19. dxc4 Qc7 20. Qd3 a5 21. a4 Nd7 22.
Bc1 Rb4 23. Ba3 Rb6 24. Bc1 Nb8 25. Ba3 Nc6 26. Kh2 Nb4 27. Bxb4 Rxb4 28. Kg1
Rfb8 29. Rcc1 Qd7 30. Kh2 Qb7 31. Rb1 Qc7 32. Rbc1 Bd7 33. f3 R8b6 34. Rf2 Qb8
35. Qc2 Be7 36. f4 exf4 37. gxf4 Rh6 38. e5 f6 39. Qe4 Rb6 40. Re1 fxe5 41. fxe5
Rbg6 42. Ref1 Be6 43. Qf4 Qc8 44. Rf3 Rh5 45. Rg3 Bg5 46. Qf3 Rh4 47. Ne4 Bf4
48. Kg1 Bxg3 49. Nxg3 Bxh3 50. Qf7+ Kh8 51. Qf8+ 1-0

[Event "Online Olym Div2 E 2021"]
[Site "chess.com INT"]
[Date "2021.09.02"]
[Round "1.1"]
[Board "6"]
[White "Hernandez Bermudez, Manuela"]
[Black "Oviedo Acosta, Paula"]
[Result "1-0"]
[WhiteElo "1921"]
[BlackElo "1637"]
[WhiteTeam "Colombia"]
[BlackTeam "Paraguay"]
[WhiteFideId "4483103"]
[BlackFideId "3704394"]
[EventDate "2021.09.02"]
[EventType "team"]

1. e4 c5 2. Nf3 e6 3. d4 cxd4 4. Nxd4 a6 5. Nc3 b5 6. Bd3 Qb6 7. Nb3 Nc6 8. Be3
Qc7 9. f4 d6 10. a3 Nf6 11. O-O Bb7 12. f5 Be7 13. Qe2 Ne5 14. Rad1 O-O 15. Nd4
d5 16. exd5 exd5 17. Bf4 Bd6 18. Kh1 Neg4 19. Ndxb5 axb5 20. Nxb5 Qb6 21. Nxd6
Ra4 22. Nxb7 Qxb7 23. h3 Re8 24. Qf3 Rxf4 25. Qxf4 Ne3 26. Rde1 d4 27. Rf2 Qxb2
28. g4 Qc3 29. Rfe2 Nfd5 30. Qd6 Qa5 31. Bc4 Rd8 32. Qc6 Nf4 33. Rxe3 dxe3 34.
Rxe3 Rd1+ 35. Kh2 h5 36. Qe8+ Kh7 37. Bxf7 Qd2+ 38. Kg3 h4+ 39. Kxf4 Qd6+ 40.
Ke4 Qd4+ 41. Kf3 Rf1+ 42. Kg2 Qf4 43. Qg8+ Kh6 44. Qh8+ Kg5 45. Qxg7# 1-0

[Event "Online Olym Div2 E 2021"]
[Site "chess.com INT"]
[Date "2021.09.02"]
[Round "1.2"]
[Board "1"]
[White "Valdes Romero, Leonardo"]
[Black "Albornoz Cabrera, Carlos Daniel"]
[Result "1/2-1/2"]
[WhiteTitle "IM"]
[BlackTitle "GM"]
[WhiteElo "2402"]
[BlackElo "2567"]
[WhiteTeam "Costa Rica"]
[BlackTeam "Cuba"]
[WhiteFideId "6500331"]
[BlackFideId "3518736"]
[EventDate "2021.09.02"]
[EventType "team"]

1. Nf3 Nf6 2. g3 d5 3. Bg2 e6 4. O-O Be7 5. d3 O-O 6. Nbd2 c5 7. e4 Nc6 8. Re1
Qc7 9. Qe2 b5 10. e5 Nd7 11. Nf1 Bb7 12. Bf4 Rfc8 13. h4 Qd8 14. h5 h6 15. N1h2
b4 16. Qd2 Nf8 17. c3 a5 18. Rac1 bxc3 19. bxc3 a4 20. Ng4 Nh7 21. Rb1 Ba6 22.
Bh3 Bf8 23. Bf1 Rcb8 24. Qc2 Qa5 25. Bd2 a3 26. Rec1 Qc7 27. Bf4 Rxb1 28. Rxb1
Rb8 29. Rxb8 Qxb8 30. Qa4 Bb5 31. Qxa3 c4 32. Qc1 cxd3 33. Qd1 Qa8 34. Bxd3 Bxd3
35. Qxd3 Qxa2 36. Kg2 Qa4 37. Ne3 Bc5 38. Ng4 Bf8 39. Ne3 Bc5 40. Ng4 Bf8 1/2-1/2

[Event "Online Olym Div2 E 2021"]
[Site "chess.com INT"]
[Date "2021.09.02"]
[Round "1.2"]
[Board "2"]
[White "Quesada Perez, Yasser"]
[Black "Duran Vega, Sergio"]
[Result "1/2-1/2"]
[WhiteTitle "GM"]
[BlackTitle "IM"]
[WhiteElo "2568"]
[BlackElo "2340"]
[WhiteTeam "Cuba"]
[BlackTeam "Costa Rica"]
[WhiteFideId "3509362"]
[BlackFideId "6501311"]
[EventDate "2021.09.02"]
[EventType "team"]

1. e4 e5 2. Nf3 Nc6 3. Nc3 Nf6 4. d4 exd4 5. Nxd4 Nxe4 6. Nxe4 Qe7 7. f3 d5 8.
Bb5 Bd7 9. Bxc6 bxc6 10. O-O dxe4 11. Re1 O-O-O 12. Rxe4 Qb4 13. Nb3 Qb7 14. Qe2
Bd6 15. Qf2 Rhe8 16. Rxe8 Rxe8 17. Be3 a6 18. Rd1 Qb5 19. f4 a5 20. c3 a4 21.
Nd4 Qd5 22. b3 c5 23. c4 Qe4 24. Nc2 Bc6 25. Rd2 Re6 26. h3 Rg6 27. Re2 Qf5 28.
Qh4 Bxg2 29. Rxg2 Rxg2+ 30. Kxg2 Qxc2+ 31. Kf3 Qd1+ 32. Kf2 Qc2+ 33. Kf3 Qxa2
34. bxa4 Qxa4 35. Qxh7 Qxc4 36. Qxg7 Qf1+ 37. Ke4 Qh1+ 38. Kd3 Qf1+ 39. Ke4 Qxh3
40. Qxf7 Qg2+ 41. Kd3 Qf1+ 42. Ke4 Qb1+ 43. Kf3 Qd1+ 44. Ke4 Qb1+ 45. Kf3 Qh1+
46. Kf2 Qh2+ 47. Kf3 1/2-1/2

[Event "Online Olym Div2 E 2021"]
[Site "chess.com INT"]
[Date "2021.09.02"]
[Round "1.2"]
[Board "3"]
[White "Hernandez Alvarez, Tania Regla"]
[Black "Forgas Moreno, Yaniela"]
[Result "0-1"]
[WhiteTitle "WIM"]
[BlackTitle "WIM"]
[WhiteElo "2041"]
[BlackElo "2310"]
[WhiteTeam "Costa Rica"]
[BlackTeam "Cuba"]
[WhiteFideId "3501442"]
[BlackFideId "3508072"]
[EventDate "2021.09.02"]
[EventType "team"]

1. Nf3 d6 2. d4 f5 3. b3 Nf6 4. Bb2 g6 5. g3 Bg7 6. Bg2 O-O 7. O-O c6 8. c4 a5
9. a3 Qc7 10. Nbd2 Na6 11. b4 Qd8 12. Bc3 axb4 13. axb4 Bd7 14. Qb3 Nc7 15. Rxa8
Qxa8 16. Ra1 Qe8 17. Ra7 Qb8 18. Ra1 Kh8 19. Qc2 b5 20. e4 bxc4 21. e5 Nfd5 22.
exd6 exd6 23. Nxc4 Nb5 24. Bd2 f4 25. Re1 Nxd4 26. Nxd4 Bxd4 27. Qd3 Qa7 28. Rf1
fxg3 29. hxg3 Rxf2 30. Rxf2 Bxf2+ 31. Kh2 Qd4 32. Qxd4+ Bxd4 33. Bxd5 cxd5 34.
Nxd6 Kg7 35. Kg2 Kf6 36. Kf3 Ke6 37. Nb7 Bc6 38. Nc5+ Kd6 39. Nd3 Bf6 40. g4 d4+
41. Kg3 Kd5 42. Kf4 Bb5 43. Nb2 h6 44. Kf3 Bg7 45. Bf4 d3 46. Ke3 Bxb2 47. Bxh6
Bc1+ 0-1

[Event "Online Olym Div2 E 2021"]
[Site "chess.com INT"]
[Date "2021.09.02"]
[Round "1.2"]
[Board "4"]
[White "Linares Napoles, Oleiny"]
[Black "Salazar Gould, Melanie"]
[Result "1-0"]
[WhiteTitle "WGM"]
[BlackTitle "CM"]
[WhiteElo "2255"]
[BlackElo "1900"]
[WhiteTeam "Cuba"]
[BlackTeam "Costa Rica"]
[WhiteFideId "3504794"]
[BlackFideId "6505090"]
[EventDate "2021.09.02"]
[EventType "team"]

1. d4 Nf6 2. Bf4 g6 3. Nc3 Bg7 4. e4 d6 5. Qd2 c6 6. O-O-O b5 7. f3 O-O 8. Bh6
Qa5 9. Kb1 b4 10. Nce2 Be6 11. Nc1 Nbd7 12. h4 Nb6 13. Nb3 Bxb3 14. cxb3 Rfc8
15. Bxg7 Kxg7 16. h5 Nbd7 17. hxg6 fxg6 18. Qh6+ Kf7 19. Nh3 Nf8 20. e5 dxe5 21.
Bc4+ Ke8 22. Rhe1 exd4 23. Rxd4 Qf5+ 24. Ka1 Nd5 25. Rde4 Rc7 26. Ng5 Qf6 27.
Ne6 Nxe6 28. Rxe6 Qh8 29. Rxg6 Kd8 30. Rxc6 Rac8 31. Bxd5 Rxc6 32. Bxc6 Kc7 33.
Rxe7+ Kb6 34. Be4+ Kb5 35. Rb7+ Ka5 36. Rxa7+ Kb5 37. Rb7+ Ka5 38. Qg5+ Ka6 39.
Qb5# 1-0

[Event "Online Olym Div2 E 2021"]
[Site "chess.com INT"]
[Date "2021.09.02"]
[Round "1.2"]
[Board "5"]
[White "Cabezas Solano, David Alejandro"]
[Black "Alvarez Calzadilla, Jose Avelino"]
[Result "0-1"]
[WhiteTitle "CM"]
[BlackTitle "FM"]
[WhiteElo "2004"]
[BlackElo "2287"]
[WhiteTeam "Costa Rica"]
[BlackTeam "Cuba"]
[WhiteFideId "6507522"]
[BlackFideId "3526151"]
[EventDate "2021.09.02"]
[EventType "team"]

1. d4 Nf6 2. Nf3 g6 3. g3 Bg7 4. Bg2 d5 5. O-O O-O 6. c4 c6 7. Nc3 dxc4 8. Ne5
Be6 9. e4 Nbd7 10. Nxd7 Qxd7 11. e5 Nd5 12. Ne4 Bf5 13. Qe2 Bxe4 14. Bxe4 b5 15.
f4 f5 16. Bf3 e6 17. b3 c3 18. Rd1 Rfd8 19. Ba3 Bf8 20. Bxf8 Kxf8 21. h4 Kg7 22.
Qd3 b4 23. a3 a5 24. Kf2 Qb7 25. Qc4 Qb5 26. Rdb1 Qxc4 27. bxc4 Nb6 28. Bxc6
Rac8 29. Bb5 Nxc4 30. axb4 Nd2 31. bxa5 Nxb1 32. Rxb1 Rxd4 33. Be2 c2 34. Rc1
Ra4 35. a6 Ra2 36. Ke3 Rc3+ 37. Bd3 Raa3 38. a7 Rxd3+ 39. Ke2 Rd8 40. Rxc2 Rxa7
41. Rc6 Kf7 42. Rb6 Rdd7 43. Rb8 Rdb7 44. Rh8 Rb2+ 45. Kd3 Kg7 46. Rc8 Ra3+ 47.
Kd4 Rd2+ 48. Kc5 Rc2+ 0-1

[Event "Online Olym Div2 E 2021"]
[Site "chess.com INT"]
[Date "2021.09.02"]
[Round "1.2"]
[Board "6"]
[White "Hernandez Gil, Ineymig"]
[Black "Diaz Charpentier, Kristel Meliss"]
[Result "0-1"]
[WhiteTitle "WFM"]
[WhiteElo "2348"]
[BlackElo "1898"]
[WhiteTeam "Cuba"]
[BlackTeam "Costa Rica"]
[WhiteFideId "3526216"]
[BlackFideId "6511708"]
[EventDate "2021.09.02"]
[EventType "team"]

1. e4 c5 2. Nf3 d6 3. d4 cxd4 4. Nxd4 Nf6 5. Nc3 g6 6. Be3 Bg7 7. f3 O-O 8. Qd2
Nc6 9. O-O-O d5 10. Nxc6 bxc6 11. Bc4 e6 12. Bb3 Bb7 13. Na4 dxe4 14. Nc5 Qxd2+
15. Rxd2 Rab8 16. Bf4 exf3 17. Bxb8 fxg2 18. Rxg2 Rxb8 19. Rd1 Nd5 20. Re2 Bh6+
21. Kb1 Kg7 22. c4 Nf6 23. Ba4 Bf4 24. Rd3 Bc8 25. Bxc6 e5 26. Rb3 Bf5+ 27. Ne4
Rc8 28. Bb7 Rxc4 29. Rc3 Rd4 30. a3 Nxe4 31. Bxe4 Bxe4+ 32. Ka2 Bd5+ 33. b3 e4
34. Kb2 Be5 35. Rce3 f5 36. Kb1 f4 37. Rh3 e3 38. Re1 Be4+ 39. Kc1 Rd3 40. b4
Rxa3 0-1

[Event "Online Olym Div2 E 2021"]
[Site "chess.com INT"]
[Date "2021.09.02"]
[Round "1.3"]
[Board "1"]
[White "Arias, Lemnys A."]
[Black "Salinas Herrera, Pablo"]
[Result "0-1"]
[WhiteTitle "IM"]
[BlackTitle "GM"]
[WhiteElo "2303"]
[BlackElo "2509"]
[WhiteTeam "El Salvador"]
[BlackTeam "Chile"]
[WhiteFideId "6700284"]
[BlackFideId "3407128"]
[EventDate "2021.09.02"]
[EventType "team"]

1. e4 e5 2. Nf3 Nc6 3. Bc4 Bc5 4. c3 Nf6 5. d3 O-O 6. O-O d6 7. a4 a5 8. Be3
Bxe3 9. fxe3 Be6 10. Nbd2 Qe7 11. Qb3 Rab8 12. Rae1 h6 13. d4 Bxc4 14. Qxc4 g6
15. Qb5 Kg7 16. d5 Nd8 17. Qxa5 b6 18. Qb5 Ra8 19. b4 Qe8 20. Ra1 Ra7 21. Qxe8
Rxe8 22. a5 bxa5 23. Rxa5 Rxa5 24. bxa5 Nb7 25. a6 Nc5 26. a7 Ra8 27. Ra1 Nfxe4
28. Nxe4 Nxe4 29. c4 Kf6 30. Kf1 Ke7 31. Ke2 Kd7 32. g4 Kc8 33. Nd2 Nxd2 34.
Kxd2 Kb7 35. Rf1 Rxa7 36. Rxf7 Ra2+ 37. Kd3 Rxh2 38. c5 dxc5 39. d6 c4+ 40. Kxc4
Rc2+ 41. Kd3 Rc6 42. d7 Rd6+ 43. Ke4 Kc6 44. Rg7 g5 45. Rh7 Rxd7 46. Rxh6+ Kb5 0-1

[Event "Online Olym Div2 E 2021"]
[Site "chess.com INT"]
[Date "2021.09.02"]
[Round "1.3"]
[Board "2"]
[White "Abarca Gonzalez, Nicolas"]
[Black "Guevara Sanchez, Erick Marvin"]
[Result "1-0"]
[WhiteTitle "IM"]
[BlackTitle "FM"]
[WhiteElo "2412"]
[BlackElo "2173"]
[WhiteTeam "Chile"]
[BlackTeam "El Salvador"]
[WhiteFideId "3409422"]
[BlackFideId "6700136"]
[EventDate "2021.09.02"]
[EventType "team"]

1. e4 c5 2. Nf3 Nc6 3. Bb5 Nd4 4. Nxd4 cxd4 5. O-O a6 6. Bc4 e6 7. Bb3 Bc5 8. d3
Ne7 9. Qh5 Qc7 10. f4 g6 11. Qh6 b5 12. f5 gxf5 13. Bg5 Bb7 14. Nd2 O-O-O 15.
exf5 Rhg8 16. f6 Nf5 17. Rxf5 exf5 18. Bxf7 Rgf8 19. Bb3 d5 20. Nf3 Rde8 21. Kf1
Re6 22. Qh3 Qd7 23. Qh4 Rg8 24. a4 b4 25. a5 Qf7 26. Rc1 Kb8 27. Nxd4 Bxd4 28.
Qxd4 Rxg5 29. Qf4+ Ka8 30. Qxg5 Rxf6 31. Re1 Re6 32. Qf4 Rxe1+ 33. Kxe1 Qe7+ 34.
Kd2 Qg7 35. g3 Qxb2 36. Qxb4 Qe5 37. Qf8+ Ka7 38. Qc5+ Ka8 39. Qe3 Qc7 40. Qb6
Qe5 41. Qe3 Qc7 42. Qe8+ Ka7 43. Qa4 Qe5 44. c3 Qc7 45. Qb4 Qd8 46. Qc5+ Kb8 47.
Kc2 Ka8 48. Kb2 Kb8 49. Qb6 Qd7 50. Qb4 Ka8 51. Qf8+ Ka7 52. Qc5+ Ka8 53. Qb4
Qd8 54. Ba4 Qc7 55. Qb6 Qe5 56. Bc6 Bxc6 57. Qxc6+ Ka7 58. Qb6+ Ka8 59. Qxa6+
Kb8 60. Qb5+ Kc8 61. a6 Qe7 62. Qb7+ Qxb7+ 63. axb7+ Kxb7 64. c4 Kc6 65. Kc3 Kc5
66. d4+ Kc6 67. c5 h5 68. Kd3 Kd7 69. Ke3 Ke6 70. Kf4 1-0

[Event "Online Olym Div2 E 2021"]
[Site "chess.com INT"]
[Date "2021.09.02"]
[Round "1.3"]
[Board "4"]
[White "Fuentes Inzunza, Lesly"]
[Black "Garcia, Angie"]
[Result "0-1"]
[WhiteTitle "WFM"]
[BlackTitle "WFM"]
[WhiteElo "1840"]
[BlackElo "1802"]
[WhiteTeam "Chile"]
[BlackTeam "El Salvador"]
[WhiteFideId "3408205"]
[BlackFideId "6702503"]
[EventDate "2021.09.02"]
[EventType "team"]

1. d4 Nf6 2. Nf3 e6 3. g3 b6 4. Bg2 Bb7 5. O-O Be7 6. b3 O-O 7. Bb2 d6 8. Nbd2
Nbd7 9. c4 Ne4 10. Nxe4 Bxe4 11. Nd2 Bxg2 12. Kxg2 Nf6 13. e4 Nd7 14. f4 f5 15.
Qe2 Bf6 16. e5 dxe5 17. dxe5 Be7 18. Rad1 Qc8 19. Qf3 c5 20. Nb1 Qc7 21. Nc3 a6
22. Rd3 Rad8 23. Rfd1 Nb8 24. R1d2 Nc6 25. Rxd8 Rxd8 26. Rxd8+ Bxd8 27. Ne2 Qd7
28. Bc3 Be7 29. Nc1 g6 30. Qd3 Qxd3 31. Nxd3 Kf7 32. Kf2 Ke8 33. Ke3 Kd7 34. a3
Kc7 35. b4 Na7 36. a4 Nc6 37. b5 axb5 38. cxb5 Nb4 39. Nb2 g5 40. Nc4 gxf4+ 41.
gxf4 Nd5+ 42. Kd3 Nxf4+ 43. Kc2 Nd5 44. Be1 h5 45. a5 bxa5 46. Bxa5+ Kb7 47. Kd3
f4 48. Ke4 h4 49. Nd6+ Bxd6 50. exd6 c4 51. Bd2 c3 52. Bc1 Kb6 53. Ke5 f3 54. d7
Kc7 0-1

[Event "Online Olym Div2 E 2021"]
[Site "chess.com INT"]
[Date "2021.09.02"]
[Round "1.3"]
[Board "5"]
[White "Perez Salazar, Armando"]
[Black "Pena Cifuentes, Tomas Alberto"]
[Result "0-1"]
[WhiteElo "1932"]
[BlackElo "2018"]
[WhiteTeam "El Salvador"]
[BlackTeam "Chile"]
[WhiteFideId "6705260"]
[BlackFideId "3421996"]
[EventDate "2021.09.02"]
[EventType "team"]

1. d4 d5 2. Bf4 Nf6 3. e3 c5 4. c3 Nc6 5. Nd2 Bf5 6. Ngf3 e6 7. Bb5 Qb6 8. Qa4
a6 9. Bxc6+ Qxc6 10. Qxc6+ bxc6 11. dxc5 Bxc5 12. Nd4 Kd7 13. N2b3 Ba7 14. O-O-O
Bg6 15. Rhe1 Rhc8 16. Nf3 Ke8 17. Bd6 Ne4 18. Bg3 Bh5 19. Nbd2 Nc5 20. Nf1 f6
21. Bd6 Ne4 22. Bg3 Bb8 23. Bxb8 Raxb8 24. Re2 e5 25. Ng3 Nxg3 26. hxg3 e4 27.
Nd4 Bxe2 28. Nxe2 Kf7 29. Nd4 Rc7 30. Rh1 Rh8 31. Rd1 h5 32. Nb3 h4 33. gxh4
Rxh4 34. g3 Rh2 35. Rd2 Rc8 36. Nc5 a5 37. c4 Kg6 38. a3 Rh5 39. b4 axb4 40.
axb4 Re5 41. Kc2 Kh5 42. Kc3 Kg4 43. cxd5 Rxd5 44. Rb2 Kf3 45. Nb3 Rd1 46. Nd4+
Kg2 47. f3+ Kxg3 48. fxe4 c5 49. bxc5 Rxc5+ 50. Kb3 Rd3+ 51. Kb4 Rc8 52. Re2
Rcc3 53. Re1 Kf2 54. Re2+ Kf1 55. Rh2 Rc7 56. Rh3 Kg2 57. Rh7 Rxe3 58. Rh4 Re7
59. Kc5 R7xe4 60. Rh7 g5 61. Nf5 Rc3+ 62. Kd5 Rf4 63. Nd6 Rd3+ 64. Kc5 g4 65.
Re7 g3 66. Re2+ Kf1 67. Rc2 Rxd6 68. Kxd6 g2 69. Rc1+ Kf2 70. Rc2+ Kg3 71. Rc3+
Rf3 72. Rc1 Rf1 73. Rc3+ Kf4 74. Ke6 g1=Q 0-1

[Event "Online Olym Div2 E 2021"]
[Site "chess.com INT"]
[Date "2021.09.02"]
[Round "1.3"]
[Board "6"]
[White "Sanchez Tobar, Francisca Valenti"]
[Black "Barahona, Dalila Yamileth"]
[Result "1/2-1/2"]
[WhiteTitle "WCM"]
[WhiteElo "1777"]
[BlackElo "1802"]
[WhiteTeam "Chile"]
[BlackTeam "El Salvador"]
[WhiteFideId "3431304"]
[BlackFideId "6705740"]
[EventDate "2021.09.02"]
[EventType "team"]

1. e4 c5 2. Nc3 g6 3. g3 Bg7 4. Bg2 Nc6 5. d3 e6 6. Be3 d6 7. Qd2 Nge7 8. Bh6
O-O 9. Bxg7 Kxg7 10. f4 f5 11. Nf3 b5 12. O-O Rb8 13. Rad1 e5 14. fxe5 dxe5 15.
exf5 Bxf5 16. Rde1 Qc7 17. Qe3 Rfe8 18. Qxc5 b4 19. Nb5 Qa5 20. Nxe5 Rxb5 21.
Nxc6 Rxc5 22. Nxa5 Rxa5 23. Bc6 Nxc6 24. Rxe8 Rxa2 25. Rb1 Nd4 26. Re7+ Kf6 27.
Rc7 b3 28. c3 Ne2+ 29. Kf2 Bxd3 30. Rd1 Rxb2 31. Rxd3 Nf4+ 32. Ke3 Nxd3 33. Kxd3
Rxh2 34. Rxa7 b2 35. Rb7 h5 36. c4 Rg2 37. Kc3 Rxg3+ 38. Kxb2 Ke5 39. Rd7 Ke6
40. Rd2 Rg5 41. Kb3 h4 42. Kb4 Rf5 43. c5 g5 44. c6 Rf8 45. Kc5 g4 46. Rd4 Rf5+
47. Kb6 g3 48. Rxh4 Kd6 49. Rd4+ Ke7 50. Rg4 Rf3 51. Kc7 Rc3 52. Kb7 Kd6 53.
Rg6+ Ke7 54. c7 Rb3+ 55. Kc8 Rc3 56. Kb7 Rb3+ 57. Kc8 Rc3 58. Kb7 1/2-1/2

[Event "Online Olym Div2 E 2021"]
[Site "chess.com INT"]
[Date "2021.09.02"]
[Round "1.4"]
[Board "1"]
[White "Zambrana, Oswaldo"]
[Black "Mieles Palau, Daniel"]
[Result "0-1"]
[WhiteTitle "GM"]
[BlackTitle "IM"]
[WhiteElo "2438"]
[BlackElo "2364"]
[WhiteTeam "Bolivia"]
[BlackTeam "Ecuador"]
[WhiteFideId "3300200"]
[BlackFideId "3600467"]
[EventDate "2021.09.02"]
[EventType "team"]

1. e4 c5 2. Nf3 Nc6 3. d4 cxd4 4. Nxd4 Nf6 5. Nc3 e5 6. Ndb5 d6 7. Bg5 a6 8. Na3
b5 9. Nd5 Be7 10. Bxf6 Bxf6 11. c4 b4 12. Nc2 a5 13. g3 Bg5 14. Bg2 O-O 15. O-O
Be6 16. h4 Bh6 17. Qd3 Rb8 18. Rfd1 Qd7 19. b3 Qa7 20. a3 bxa3 21. Nxa3 Qc5 22.
Nb5 Rfd8 23. Ra4 Rd7 24. Ndc7 Nb4 25. Rxb4 axb4 26. Na6 Qb6 27. Nxb8 Qxb8 28.
Ra1 g6 29. Ra4 Bf8 30. Kh2 h5 31. Bh3 Qb6 32. Qe2 Kg7 33. Bxe6 fxe6 34. Kg2 Rf7
35. Ra8 Qc6 36. Ra4 Kh7 37. Qd3 Rd7 38. Qf3 Kg7 39. Ra7 Rxa7 40. Nxa7 Qc5 41.
Nb5 Be7 42. Qd3 Kf7 43. f3 Ke8 44. Qe2 Kd7 45. Qd3 Bd8 46. Qe2 Bb6 47. Kh3 Qg1
48. Qg2 Qd1 49. g4 hxg4+ 50. Kxg4 Qxb3 51. Qd2 Bc5 52. Nxd6 Qc3 53. Qd1 Bxd6 54.
Qa4+ Ke7 55. Qa7+ Kf6 56. Qd7 Be7 57. Qe8 Qc1 58. Qh8+ Kf7 59. Qh7+ Ke8 60.
Qxg6+ Kd7 0-1